[Event "Warsaw Najdorf Memorial op-A"]
[Site "Warsaw"]
[Date "2022.07.11"]
[Round "3"]
[White "Sowul, Bartosz"]
[Black "Pesko, Tomasz"]
[Result "1-0"]
[WhiteElo "2283"]
[BlackElo "1830"]
[PlyCount "77"]
[EventDate "2022.07.09"]
[EventType "swiss"]
[EventRounds "9"]
[EventCountry "POL"]
[SourceTitle "CBM 209 Extra"]
[Source "ChessBase"]
[SourceDate "2022.09.30"]
[SourceVersion "1"]
[SourceVersionDate "2022.09.30"]
[SourceQuality "1"]

1. e4 c5 2. Nc3 Nc6 3. Bb5 Nd4 4. Nf3 Nxb5 5. Nxb5 a6 6. Nc3 e6 7. d4 cxd4 8. Qxd4 Ne7 9. Bf4 Nc6 10. Qe3 Qa5 11. 0-0 Bc5 12. Qd3 0-0 13. a3 Be7 14. Bd6 Qd8 15. Rad1 b5 16. Rfe1 Bxd6 17. Qxd6 Ra7 18. Rd3 Qc7 19. Qc5 Na5 20. Qh5 Nc4 21. b3 Nxa3 22. e5 f5 23. exf6 g6 24. Qh6 d5 25. Nxd5 exd5 26. Re7 Qxe7 27. fxe7 Rxe7 28. Qg5 Ref7 29. Qxd5 Bb7 30. Qc5 Bxf3 31. gxf3 b4 32. Qxb4 Nxc2 33. Qc3 Na3 34. Qa5 Nc2 35. Kf1 Rf6 36. Qc5 Na1 37. b4 R8f7 38. Qc1 Rb7 39. Qc8+ 1-0

[Event "Warsaw Najdorf Memorial op-A"]
[Site "Warsaw"]
[Date "2022.07.09"]
[Round "1"]
[White "Vanduyfhuys, Daria"]
[Black "Pesko, Tomasz"]
[Result "1/2-1/2"]
[WhiteElo "2094"]
[BlackElo "1830"]
[PlyCount "235"]
[EventDate "2022.07.09"]
[EventType "swiss"]
[EventRounds "9"]
[EventCountry "POL"]
[SourceTitle "CBM 209 Extra"]
[Source "ChessBase"]
[SourceDate "2022.09.30"]
[SourceVersion "1"]
[SourceVersionDate "2022.09.30"]
[SourceQuality "1"]

1. d4 Nf6 2. c4 g6 3. Nc3 Bg7 4. e4 d6 5. Be2 0-0 6. Nf3 e5 7. 0-0 Nc6 8. d5 Ne7 9. Ne1 Ne8 10. Nd3 f5 11. f3 f4 12. c5 g5 13. a4 Ng6 14. a5 Rf7 15. c6 bxc6 16. dxc6 Be6 17. Nb4 h5 18. Ncd5 Ne7 19. h3 Nf6 20. Nxf6+ Rxf6 21. Ra3 Rg6 22. Bd2 Qe8 23. Be1 Qf7 24. Qc2 d5 25. exd5 Nxd5 26. Bd3 Rh6 27. Nxd5 Bxd5 28. Be4 Rxc6 29. Rc3 Rxc3 30. Bxc3 Bxe4 31. Qxe4 Rd8 32. Re1 Rd5 33. Qb4 c5 34. Qb8+ Kh7 35. Bxe5 Rd7 36. Bxg7 Qxg7 37. Qe5 Qxe5 38. Rxe5 Kg6 39. Rxc5 Rd1+ 40. Kh2 h4 41. b4 Rb1 42. b5 Kf6 43. a6 Kg6 44. Rc6+ Kg7 45. Rc7+ Kg6 46. Rb7 Kh6 47. Rb8 Ra1 48. Rb7 Rb1 49. Rxa7 Rxb5 50. Kg1 Ra5 51. Ra8 Kg7 52. Kf1 Ra1+ 53. Ke2 Ra2+ 54. Kd3 Rxg2 55. Ke4 Ra2 56. Kf5 Ra5+ 57. Kg4 Ra3 58. a7 Ra5 59. Re8 Rxa7 60. Re5 Ra1 61. Rxg5+ Kh6 62. Rf5 Rg1+ 63. Kxh4 Rg2 64. Rxf4 Rg1 65. Rg4 Rf1 66. Kg3 Ra1 67. Re4 Rh1 68. h4 Kh5 69. Re5+ Kh6 70. Kg4 Rg1+ 71. Kf4 Rh1 72. h5 Rh4+ 73. Ke3 Rh3 74. Ke4 Rh1 75. f4 Rh4 76. Rd5 Rh1 77. Kd4 Rf1 78. Rf5 Re1 79. Re5 Ra1 80. Ke4 Ra4+ 81. Kf3 Ra1 82. Rf5 Rb1 83. Rd5 Rf1+ 84. Ke4 Re1+ 85. Kd4 Re2 86. Re5 Rd2+ 87. Ke4 Rd1 88. Rg5 Ra1 89. Kf5 Ra5+ 90. Kg4 Ra6 91. Re5 Rb6 92. Re4 Ra6 93. f5 Ra1 94. Re6+ Kg7 95. h6+ Kf7 96. Re3 Rg1+ 97. Rg3 Rh1 98. Kg5 Rh2 99. Rg1 Rh3 100. Ra1 Rg3+ 101. Kf4 Rh3 102. Kg5 Rg3+ 103. Kh4 Rg2 104. Ra3 Rh2+ 105. Rh3 Rg2 106. h7 Kg7 107. Rg3+ Rxg3 108. Kxg3 Kxh7 109. Kf4 Kg7 110. Ke5 Kf7 111. Ke4 Kf6 112. Kf4 Kf7 113. Kg5 Kg7 114. f6+ Kf7 115. Kf5 Kf8 116. Ke6 Ke8 117. f7+ Kf8 118. Kf6 1/2-1/2

[Event "Warsaw YMCA Spring-A 183rd"]
[Site "Warsaw"]
[Date "2017.05.26"]
[Round "9"]
[White "Kasperkiewicz, Pawel"]
[Black "Pesko, Tomasz"]
[Result "1/2-1/2"]
[WhiteElo "1975"]
[BlackElo "1802"]
[PlyCount "56"]
[EventDate "2017.04.06"]
[EventType "tourn"]
[EventRounds "13"]
[EventCountry "POL"]
[SourceTitle "EXT 2018"]
[Source "ChessBase"]
[SourceDate "2017.10.13"]
[SourceVersion "1"]
[SourceVersionDate "2017.10.13"]
[SourceQuality "1"]

1. e4 c5 2. c3 d6 3. d4 cxd4 4. cxd4 Nf6 5. Nc3 g6 6. Nf3 Bg7 7. Be2 0-0 8. 0-0 a6 9. h3 b5 10. e5 dxe5 11. dxe5 Qxd1 12. Rxd1 Nfd7 13. a4 bxa4 14. e6 fxe6 15. Nxa4 Nc6 16. Be3 Nde5 17. Ng5 Nb4 18. f4 Nc2 19. Bb6 Nxa1 20. fxe5 Bxe5 21. Rxa1 Rb8 22. Be3 Bf4 23. Bxf4 Rxf4 24. Bf3 h6 25. Ne4 e5 26. Nac5 Bxh3 27. Nd3 Rff8 28. Nxe5 Bf5 1/2-1/2

[Event "Warsaw YMCA Autumn-C 176th"]
[Site "Warsaw"]
[Date "2016.11.30"]
[Round "11"]
[White "Kwiek, Janusz"]
[Black "Pesko, Tomasz"]
[Result "0-1"]
[WhiteElo "1532"]
[BlackElo "1527"]
[PlyCount "110"]
[EventDate "2016.09.20"]
[EventType "tourn"]
[EventRounds "13"]
[EventCountry "POL"]
[SourceTitle "EXT 2019"]
[Source "ChessBase"]
[SourceDate "2018.10.10"]
[SourceVersion "1"]
[SourceVersionDate "2018.10.10"]
[SourceQuality "1"]

1. Nf3 g6 2. g3 Bg7 3. Bg2 Nf6 4. 0-0 0-0 5. d4 d6 6. c4 Nbd7 7. Nc3 c6 8. Qc2 e5 9. dxe5 dxe5 10. Rd1 Qe7 11. e4 Nb6 12. b3 Bg4 13. h3 Bxf3 14. Bxf3 Rad8 15. Be3 Nc8 16. Bg2 Nd7 17. Rd2 Nc5 18. Rad1 Ne6 19. Ne2 Rxd2 20. Rxd2 Rd8 21. Qd1 Rxd2 22. Qxd2 Bf8 23. h4 a6 24. f4 exf4 25. Nxf4 Nxf4 26. Bxf4 Nd6 27. Qd4 Qe6 28. Kh2 b5 29. cxb5 cxb5 30. Be5 Ne8 31. Bh3 Qc6 32. Bd7 Qc2+ 33. Kh3 Ng7 34. a4 Qxb3 35. axb5 axb5 36. Qd5 Qb1 37. Kg2 Qc2+ 38. Kf3 b4 39. Bd6 Qc3+ 40. Kg2 Bxd6 41. Qxd6 Nh5 42. g4 Nf6 43. Bc6 Nxg4 44. e5 Qxe5 45. Qxb4 Qh2+ 46. Kf3 Ne5+ 47. Ke3 Qg3+ 48. Kd2 Qf2+ 49. Kd1 Nxc6 50. Qb7 Nd4 51. Qb8+ Kg7 52. Qe5+ f6 53. Qe7+ Kh6 54. Qf8+ Kh5 55. Qc5+ Kxh4 0-1